=LDR 00000nam 2200000 4500 =001 INLIS000000000040100 =005 20130612145702 =008 ***********************************ind** =035 ##$$0010-061300000040100 =041 ##$$a ind =082 ##$$a 650.13 =090 ##$$a 650.13, Cap t =100 ##$$a Capodagli, bill =245 ##$$a The Disney Way, Memanfaatkan Rahasia Manajemen Disney di Perusahaan Anda =650 ##$$a Disney =850 ##$$a NBPNMAT =990 ##$$a 0001/BPAP-NTB/2016 =990 ##$$a 21113191